Statystyki dla Zwycięzcy Mistrzostw Świata w Piłce Nożnej

Kliknij tutaj aby rozwiązać quiz!

Ogólne statystyki

  • Ten quiz został rozwiązany 1 138 razy
    (863 od ostatniego zresetowania)
  • Średni wynik to 20 z 22

Statystyki odpowiedzi

RokKraj% Poprawnych
1962Brazylia
100%
1958Brazylia
100%
2002Brazylia
100%
1970Brazylia
100%
1994Brazylia
100%
2022Argentyna
99%
1986Argentyna
99%
1978Argentyna
99%
2018Francja
99%
1998Francja
99%
2014Niemcy
99%
2010Hiszpania
97%
1930Urugwaj
95%
1950Urugwaj
95%
1934Włochy
95%
2006Włochy
95%
1938Włochy
95%
1982Włochy
95%
1966Anglia
87%
1990RFN
50%
1974RFN
50%
1954RFN
50%

Rozkład punktacji

Percentyl według liczby udzielonych odpowiedzi

Procent ludzi z każdym wynikiem

Twoja historia wyników

Nie rozwiązałeś tego quizu od ostatniego zresetowania